banner koha

Evaluación preclínica y estudio de estabilidad de extractos a partir del follaje de Momordica charantia Lin (Registro n. 299527)

MARC details
000 -LÍDER
fixed length control field 03395nab a2200349 i 4500
003 - CÓDIGO MARC DA AGÊNCIA CATALOGADORA
Campo de controle BR-BrBNA
005 - DATA E HORA DA ÚLTIMA ATUALIZAÇÃO
Campo de controle 20240514111718.0
008 - CAMPO DE TAMANHO FIXO
fixed length control field 240510b2014 bl.qr|pooa||| 00| 0 spa |
040 ## - FONTE DA CATALOGAÇÃO
Agência catalogadora BR-BrBNA
Idioma da catalogação spa
072 ## - CATEGORIA AGRIS
Código AGRIS F60
100 ## - ENTRADA PRINCIPAL - NOME PESSOAL
Nome pessoal Lagarto, A.
100 ## - ENTRADA PRINCIPAL - NOME PESSOAL
Nome pessoal Sánchez, E.
100 ## - ENTRADA PRINCIPAL - NOME PESSOAL
Nome pessoal Piloto, J.
100 ## - ENTRADA PRINCIPAL - NOME PESSOAL
Nome pessoal Remigio, A.
100 ## - ENTRADA PRINCIPAL - NOME PESSOAL
Nome pessoal Barzaga, P.
100 ## - ENTRADA PRINCIPAL - NOME PESSOAL
Nome pessoal Rodríguez, C.
100 ## - ENTRADA PRINCIPAL - NOME PESSOAL
Nome pessoal Carballo, C.
100 ## - ENTRADA PRINCIPAL - NOME PESSOAL
Nome pessoal Couret, M.
100 ## - ENTRADA PRINCIPAL - NOME PESSOAL
Nome pessoal Vega, Y.
100 ## - ENTRADA PRINCIPAL - NOME PESSOAL
Nome pessoal López, R.
245 ## - TÍTULO PRINCIPAL
Título principal Evaluación preclínica y estudio de estabilidad de extractos a partir del follaje de Momordica charantia Lin
500 ## - NOTA GERAL
Nota geral Publicação on-line; 22 ref.; 2 tables; 2 illus.; Summaries (En, Pt)
942 ## - ADDED ENTRY ELEMENTS (KOHA)
Koha item type
520 ## - NOTA DE RESUMO
Nota de conteúdo <br/>RESUMEN: <br/><br/>El objetivo del presente trabajo fue la evaluación preclínica y el estudio de estabilidad<br/>de extractos a partir del follaje de Momordica charantia Lin. Se obtuvieron extractos acuoso e<br/>hidroalcohólico para los cuales se establecieron las especificaciones de calidad mediante la<br/>evaluación de tres lotes y se estudió su estabilidad por el método de vida de estante durante 12<br/>meses. A los extractos se le evaluó el potencial genotóxico mediante ensayos de micronúcleos<br/>en médula ósea de ratón y aberraciones cromosómicas en linfocitos de sangre periférica. La<br/>actividad hipoglicemiante oral fue evaluada en animales con hiperglicemia temporal inducida<br/>por carga de glucosa. Como resultados se establecieron las especificaciones de calidad de<br/>los extractos acuoso e hidroalcohólico, los mismos mostraron estabilidad por 6 meses para el<br/>extracto acuoso y 12 meses para el extracto hidroalcohólico. No mostraron efecto genotóxico<br/>en los ensayos evaluados y mostraron efecto hipoglicemiante oral a la dosis de 450 mg/kg.<br/><br/>Palabras clave: Momordica charantia Lin, extractos, estabilidad, genotoxicidad, hipoglicemiante
520 ## - NOTA DE RESUMO
Nota de conteúdo <br/>ABSTRACT: <br/><br/>Obtaining and characterizing the Momordica charantia Linn leaf extracts.<br/>The objective of this investigation was the preclinical evaluation and the stability study of the<br/>Momordica charantia Linn hydroalcoholic and aqueous leaf extracts. The hydroalcoholic and<br/>aqueous extracts were obtained and the quality specifications were determined by evaluating<br/>three lots. The stability of the extracts was evaluated for 12 months. The genotoxic potential of the<br/>extracts was evaluated by mouse bone marrow micronucleus test and chromosome aberration<br/>test. The hypoglycemic effect was determined by oral glucose tolerance test. As results, the<br/>quality specifications were established and the aqueous extract was stable for 6 months and<br/>the hydroalcoholic extract for 12 months. A genotoxic effect was not observed in both extracts<br/>and the hypoglycemic effect was observed at the oral dose of 450 mg/kg of body weight.<br/><br/>Keywords: Momordica charantia Linn, extracts, genotoxicity, hypoglycemic effect
650 ## - ASSUNTO - THESAGRO
Cabeçalho tópico ou nome geográfico MOMORDICA CHARANTIA
650 ## - ASSUNTO - THESAGRO
Cabeçalho tópico ou nome geográfico EXTRATO
650 ## - ASSUNTO - THESAGRO
Cabeçalho tópico ou nome geográfico PLANTA MEDICINAL
773 0# - ENTRADA ANALÍTICA
Host Biblionumber 3543
Registro do item 315194
Imprenta Botucatu-SP Instituto de Biociências - Departamento de Química e Bioquímica 1998
Outro identificador 2024-1444
Título Revista Brasileira de Plantas Medicinais (Brazil)
ISSN 1516-0572
Colação v. 16(4) p. 782-788; (2014)
Número de controle de registro BR2024000745
856 ## - ACESSO E ENDEREÇO ELETRÔNICO
Identificador uniforme de recurso - URI https://www.scielo.br/j/rbpm/a/LDFPKhTBr6syr9prBCbK3SK/?format=pdf&lang=es

Nenhum exemplar disponível.

BINAGRI

Telefone: (61)3218-2567/2388/3357/2097 - binagri@agro.gov.br

Ministério da Agricultura e Pecuária , Esplanada dos Ministérios, Bloco D, Anexo B, Brasília/DF, CEP: 70.043-900